Statistics for European Countries in their Native Language

Click here to take the quiz!

General Stats

  • This quiz has been taken 51,149 times
    (51,071 since last reset)
  • The average score is 37 of 45

Answer Stats

Country English % Correct
United KingdomUnited Kingdom
99%
EspañaSpain
99%
ItaliaItaly
99%
DanmarkDenmark
99%
NederlandNetherlands
98%
DeutschlandGermany
98%
BelgiëBelgium
96%
FranceFrance
96%
PolskaPoland
95%
LiechtensteinLiechtenstein
94%
LatvijaLatvia
94%
MaltaMalta
93%
San MarinoSan Marino
93%
PortugalPortugal
93%
RomâniaRomania
93%
MonacoMonaco
93%
Česká republikaCzech Republic
93%
AndorraAndorra
92%
NorgeNorway
92%
MoldovaMoldova
92%
ÍslandIceland
92%
SlovenijaSlovenia
91%
Città del VaticanoVatican City
91%
SchweizSwitzerland
90%
ÖsterreichAustria
89%
KosovaKosovo
88%
ÉireIreland
88%
SlovenskoSlovakia
88%
LietuvaLithuania
87%
LëtzebuergLuxembourg
82%
EestiEstonia
75%
SverigeSweden
72%
Северна
Македонија
North Macedonia
72%
ΕλλάδαGreece
72%
РоссияRussia
70%
SuomiFinland
68%
Босна и
Херцеговина
Bosnia and
Herzegovina
64%
MagyarországHungary
64%
УкраїнаUkraine
56%
HrvatskaCroatia
55%
БългарияBulgaria
55%
Белару́сьBelarus
52%
СрбијаSerbia
49%
ShqipëriAlbania
41%
Црна ГораMontenegro
38%

Score Distribution

Percentile by Number Answered

Percent of People with Each Score

Your Score History

You have not taken this quiz since the last reset